[Event "C16"]
[Site "?"]
[Date "2015.08.07"]
[Round "6.4"]
[White "Zylka, Stanislaw"]
[Black "Czerniawski, Krzysztof"]
[Result "1-0"]
[LiveChessVersion "1.4.6"]
[BlackElo "1833"]
[WhiteElo "2197"]

1. d4 {[%clk 0:15:19]} Nf6 {[%clk 0:15:09]} 2. Nf3 {[%clk 0:15:27]} g6
{[%clk 0:15:15]} 3. c4 {[%clk 0:15:35]} Bg7 {[%clk 0:15:24]} 4. g3
{[%clk 0:15:44]} O-O {[%clk 0:15:12]} 5. Bg2 {[%clk 0:15:52]} d6 {[%clk 0:15:10]}
6. O-O {[%clk 0:15:58]} Nbd7 {[%clk 0:15:02]} 7. Nc3 {[%clk 0:16:00]} e5
{[%clk 0:15:06]} 8. e4 {[%clk 0:16:08]} a5 {[%clk 0:13:56]} 9. h3
{[%clk 0:16:10]} c6 {[%clk 0:13:20]} 10. Re1 {[%clk 0:16:13]} Qc7
{[%clk 0:13:23]} 11. Be3 {[%clk 0:16:02]} Rb8 {[%clk 0:12:48]} 12. Rc1
{[%clk 0:15:23]} Nh5 {[%clk 0:11:32]} 13. d5 {[%clk 0:14:56]} f5 {[%clk 0:10:36]}
14. exf5 {[%clk 0:14:43]} gxf5 {[%clk 0:10:41]} 15. Nxe5 {[%clk 0:11:05]} Nxe5
{[%clk 0:08:30]} 16. Qxh5 {[%clk 0:11:13]} Nxc4 {[%clk 0:08:34]} 17. Bg5
{[%clk 0:10:59]} Ne5 {[%clk 0:08:39]} 18. dxc6 {[%clk 0:10:46]} bxc6
{[%clk 0:08:36]} 19. Nd5 {[%clk 0:09:12]} Qa7 {[%clk 0:08:07]} 20. Ne7+
{[%clk 0:08:33]} Kh8 {[%clk 0:08:11]} 21. Rxe5 {[%clk 0:07:49]} dxe5
{[%clk 0:06:35]} 22. Ng6+ {[%clk 0:06:04]} Kg8 {[%clk 0:05:19]} 23. Nxf8
{[%clk 0:05:58]} Bxf8 {[%clk 0:03:59]} 24. Rxc6 {[%clk 0:05:16]} Rxb2
{[%clk 0:03:37]} 25. Bd5+ {[%clk 0:05:15]} 1-0

[Event "C16"]
[Site "?"]
[Date "2015.08.07"]
[Round "6.5"]
[White "Walter, Szymon"]
[Black "Mockun, Dawid"]
[Result "1-0"]
[LiveChessVersion "1.4.6"]
[BlackElo "1826"]
[WhiteElo "2040"]

1. e4 {[%clk 0:15:18]} c6 {[%clk 0:15:19]} 2. d4 {[%clk 0:15:23]} d5
{[%clk 0:15:27]} 3. f3 {[%clk 0:15:31]} Nf6 {[%clk 0:15:29]} 4. e5
{[%clk 0:15:34]} Nfd7 {[%clk 0:15:38]} 5. f4 {[%clk 0:15:41]} e6 {[%clk 0:15:46]}
6. Nf3 {[%clk 0:15:49]} c5 {[%clk 0:15:54]} 7. c3 {[%clk 0:15:43]} Nc6
{[%clk 0:15:59]} 8. Be3 {[%clk 0:15:32]} a6 {[%clk 0:15:19]} 9. Qd2
{[%clk 0:15:29]} b5 {[%clk 0:15:07]} 10. Bd3 {[%clk 0:15:21]} Be7
{[%clk 0:15:09]} 11. O-O {[%clk 0:15:21]} g6 {[%clk 0:15:04]} 12. Qf2
{[%clk 0:14:55]} cxd4 {[%clk 0:14:54]} 13. Nxd4 {[%clk 0:14:58]} Bb7
{[%clk 0:14:45]} 14. Nxc6 {[%clk 0:14:43]} Bxc6 {[%clk 0:14:51]} 15. Nd2
{[%clk 0:14:48]} Qc7 {[%clk 0:14:42]} 16. Nf3 {[%clk 0:14:52]} Bb7
{[%clk 0:14:48]} 17. Bd4 {[%clk 0:12:16]} Nc5 {[%clk 0:14:03]} 18. Bc2
{[%clk 0:12:13]} Ne4 {[%clk 0:13:28]} 19. Qe3 {[%clk 0:12:18]} O-O
{[%clk 0:13:15]} 20. Ng5 {[%clk 0:10:49]} Bxg5 {[%clk 0:11:10]} 21. fxg5
{[%clk 0:10:57]} a5 {[%clk 0:10:36]} 22. Rf4 {[%clk 0:06:04]} Nxg5
{[%clk 0:02:11]} 23. Bd3 {[%clk 0:03:42]} Bc6 {[%clk 0:01:51]} 24. Raf1
{[%clk 0:03:35]} Ne4 {[%clk 0:01:32]} 25. Bxe4 {[%clk 0:03:15]} dxe4
{[%clk 0:01:39]} 26. Rh4 {[%clk 0:02:48]} h5 {[%clk 0:01:33]} 27. Rxh5
{[%clk 0:02:26]} f5 {[%clk 0:00:26]} 28. exf6 {[%clk 0:01:33]} gxh5
{[%clk 0:00:17]} 29. Qg5+ {[%clk 0:01:39]} Kh7 {[%clk 0:00:20]} 30. Qxh5+
{[%clk 0:01:46]} Kg8 {[%clk 0:00:26]} 31. f7+ {[%clk 0:01:42]} 1-0

[Event "C16"]
[Site "?"]
[Date "2015.08.07"]
[Round "7.1"]
[White "Janik, Igor"]
[Black "Adamczewski, Maciej"]
[Result "1-0"]
[LiveChessVersion "1.4.6"]
[BlackElo "1863"]
[WhiteElo "2124"]

1. e4 {[%clk 0:15:18]} c5 {[%clk 0:15:19]} 2. Nf3 {[%clk 0:15:26]} e6
{[%clk 0:15:28]} 3. c4 {[%clk 0:15:33]} a6 {[%clk 0:15:31]} 4. Nc3
{[%clk 0:15:41]} Qc7 {[%clk 0:15:38]} 5. Be2 {[%clk 0:15:48]} Nf6
{[%clk 0:15:47]} 6. O-O {[%clk 0:15:53]} Nc6 {[%clk 0:15:54]} 7. h3
{[%clk 0:15:41]} Be7 {[%clk 0:16:00]} 8. d4 {[%clk 0:15:38]} cxd4
{[%clk 0:16:09]} 9. Nxd4 {[%clk 0:15:47]} O-O {[%clk 0:16:10]} 10. Be3
{[%clk 0:15:54]} d6 {[%clk 0:16:12]} 11. Rc1 {[%clk 0:15:42]} Nxd4
{[%clk 0:16:07]} 12. Qxd4 {[%clk 0:15:40]} Bd7 {[%clk 0:16:03]} 13. f4
{[%clk 0:15:26]} Rac8 {[%clk 0:15:45]} 14. b3 {[%clk 0:15:11]} Qb8
{[%clk 0:15:31]} 15. Bf3 {[%clk 0:15:01]} Bc6 {[%clk 0:15:12]} 16. Rfd1
{[%clk 0:14:49]} Rfd8 {[%clk 0:15:14]} 17. g4 {[%clk 0:14:33]} Nd7
{[%clk 0:14:50]} 18. Qd2 {[%clk 0:14:30]} b6 {[%clk 0:14:33]} 19. Qg2
{[%clk 0:14:13]} Nc5 {[%clk 0:14:15]} 20. g5 {[%clk 0:13:51]} b5 {[%clk 0:13:23]}
21. cxb5 {[%clk 0:12:32]} axb5 {[%clk 0:13:31]} 22. f5 {[%clk 0:11:49]} b4
{[%clk 0:13:21]} 23. Ne2 {[%clk 0:11:47]} Qb7 {[%clk 0:11:20]} 24. Ng3
{[%clk 0:11:34]} Bf8 {[%clk 0:11:11]} 25. Rc4 {[%clk 0:10:45]} Nd7
{[%clk 0:09:10]} 26. fxe6 {[%clk 0:10:27]} fxe6 {[%clk 0:09:19]} 27. Bg4
{[%clk 0:10:28]} Re8 {[%clk 0:09:28]} 28. Bd4 {[%clk 0:08:47]} d5
{[%clk 0:09:02]} 29. Rc2 {[%clk 0:08:20]} dxe4 {[%clk 0:08:53]} 30. Qf2
{[%clk 0:08:10]} Bd5 {[%clk 0:08:36]} 31. Rxc8 {[%clk 0:07:52]} Rxc8
{[%clk 0:08:45]} 32. Nh5 {[%clk 0:06:58]} Rc3 {[%clk 0:07:38]} 33. Nf4
{[%clk 0:05:53]} e3 {[%clk 0:05:03]} 34. Qe2 {[%clk 0:05:29]} Qc7
{[%clk 0:04:33]} 35. Nxd5 {[%clk 0:03:54]} exd5 {[%clk 0:04:23]} 36. Bxc3
{[%clk 0:02:43]} bxc3 {[%clk 0:04:30]} 37. Be6+ {[%clk 0:02:45]} Kh8
{[%clk 0:04:34]} 38. Bxd5 {[%clk 0:02:43]} Bc5 {[%clk 0:04:04]} 39. Bg2
{[%clk 0:01:49]} Nf8 {[%clk 0:03:40]} 40. Kf1 {[%clk 0:00:17]} Ne6
{[%clk 0:03:37]} 41. Rc1 Bd4 {[%clk 0:02:59]} 42. Qf3 {[%clk 0:00:16]} Qd6
{[%clk 0:02:28]} 43. Rc2 {[%clk 0:00:13]} Qd8 {[%clk 0:01:28]} 44. h4
{[%clk 0:00:16]} Qb8 {[%clk 0:01:21]} 45. Qa8 {[%clk 0:00:18]} Qxa8 46. Bxa8
{[%clk 0:00:28]} Nf4 {[%clk 0:01:21]} 47. Bf3 {[%clk 0:00:35]} Nd3
{[%clk 0:01:29]} 48. a3 {[%clk 0:00:14]} Kg8 {[%clk 0:01:31]} 49. Ke2
{[%clk 0:00:19]} Nf4+ {[%clk 0:01:40]} 50. Kd1 {[%clk 0:00:26]} Kf7
{[%clk 0:01:47]} 51. Rh2 {[%clk 0:00:26]} Ke6 {[%clk 0:01:29]} 52. Kc2
{[%clk 0:00:24]} Ke5 {[%clk 0:01:23]} 53. b4 {[%clk 0:00:22]} Ne6
{[%clk 0:01:29]} 54. Be2 {[%clk 0:00:16]} Kf4 {[%clk 0:01:37]} 55. Rg2
{[%clk 0:00:17]} Ke5 {[%clk 0:01:32]} 56. Rh2 {[%clk 0:00:11]} Kf4
{[%clk 0:01:28]} 57. Rg2 {[%clk 0:00:20]} Ke5 {[%clk 0:01:37]} 58. h5
{[%clk 0:00:23]} g6 {[%clk 0:01:41]} 59. hxg6 {[%clk 0:00:32]} hxg6
{[%clk 0:01:50]} 60. Bd3 {[%clk 0:00:38]} Nf4 {[%clk 0:01:59]} 61. Rh2
{[%clk 0:00:47]} Ne6 {[%clk 0:01:20]} 62. Bxg6 {[%clk 0:00:54]} Nxg5
{[%clk 0:01:26]} 63. Bd3 {[%clk 0:01:02]} Nf3 {[%clk 0:01:26]} 64. Rh1
{[%clk 0:01:05]} Kf4 {[%clk 0:01:28]} 65. Rf1 {[%clk 0:00:52]} Kg3
{[%clk 0:01:32]} 66. Be2 {[%clk 0:00:59]} Ne5 {[%clk 0:00:44]} 67. Rf5
{[%clk 0:01:04]} Kg2 {[%clk 0:00:17]} 68. b5 {[%clk 0:01:04]} Nd7
{[%clk 0:00:15]} 69. Rd5 {[%clk 0:00:56]} 1-0

[Event "C16"]
[Site "?"]
[Date "2015.08.07"]
[Round "7.2"]
[White "Szostko, Jakub"]
[Black "Zylka, Stanislaw"]
[Result "1/2-1/2"]
[LiveChessVersion "1.4.6"]
[BlackElo "2197"]
[WhiteElo "1917"]

1. e4 {[%clk 0:15:19]} d5 {[%clk 0:15:19]} 2. exd5 {[%clk 0:15:27]} Qxd5
{[%clk 0:15:27]} 3. Nf3 {[%clk 0:15:36]} Bg4 {[%clk 0:15:35]} 4. Be2
{[%clk 0:15:44]} Nc6 {[%clk 0:15:43]} 5. d4 {[%clk 0:15:50]} O-O-O
{[%clk 0:15:49]} 6. c4 {[%clk 0:15:58]} Qa5+ {[%clk 0:15:53]} 7. Bd2
{[%clk 0:16:05]} Qf5 {[%clk 0:16:01]} 8. Be3 {[%clk 0:16:11]} Bxf3
{[%clk 0:15:29]} 9. Bxf3 {[%clk 0:16:20]} Nxd4 {[%clk 0:15:38]} 10. Bxd4
{[%clk 0:16:28]} Qe6+ {[%clk 0:15:45]} 11. Be2 {[%clk 0:16:29]} Qe4
{[%clk 0:15:52]} 12. O-O {[%clk 0:15:56]} Qxd4 {[%clk 0:16:01]} 13. Qa4
{[%clk 0:16:01]} e6 {[%clk 0:15:32]} 14. Nc3 {[%clk 0:16:07]} Qb6
{[%clk 0:13:14]} 15. Rfd1 {[%clk 0:15:26]} Rxd1+ {[%clk 0:12:48]} 16. Rxd1
{[%clk 0:15:33]} Nf6 {[%clk 0:12:51]} 17. Ne4 {[%clk 0:13:27]} c6
{[%clk 0:11:32]} 18. Ng5 {[%clk 0:11:22]} Bc5 {[%clk 0:10:37]} 19. Nxf7
{[%clk 0:11:03]} Re8 {[%clk 0:08:15]} 20. Bf3 {[%clk 0:09:47]} Qxb2
{[%clk 0:05:08]} 21. Bxc6 {[%clk 0:08:33]} Bxf2+ {[%clk 0:04:10]} 22. Kh1
{[%clk 0:08:12]} bxc6 {[%clk 0:03:19]} 23. Nd6+ {[%clk 0:08:07]} Kc7
{[%clk 0:02:44]} 24. Nxe8+ {[%clk 0:07:23]} Nxe8 {[%clk 0:02:53]} 25. Qa5+
{[%clk 0:07:33]} Bb6 {[%clk 0:02:58]} 26. Qh5 {[%clk 0:07:40]} g6
{[%clk 0:02:30]} 27. Qxh7+ {[%clk 0:07:43]} Qg7 {[%clk 0:02:37]} 28. Qh3
{[%clk 0:07:21]} Qf7 {[%clk 0:01:30]} 29. Qd3 {[%clk 0:07:15]} Nf6
{[%clk 0:00:35]} 30. Qd6+ {[%clk 0:06:54]} Kb7 {[%clk 0:00:44]} 31. c5
{[%clk 0:06:58]} Bc7 {[%clk 0:00:12]} 32. Rb1+ {[%clk 0:07:00]} Kc8
{[%clk 0:00:19]} 33. Qxc6 {[%clk 0:07:02]} Nd5 {[%clk 0:00:23]} 1/2-1/2

[Event "C16"]
[Site "?"]
[Date "2015.08.07"]
[Round "7.3"]
[White "Szmer, Aleksander"]
[Black "Winiarski, Mikolaj"]
[Result "0-1"]
[LiveChessVersion "1.4.6"]
[BlackElo "2070"]
[WhiteElo "1881"]

1. d4 {[%clk 0:15:19]} b5 {[%clk 0:15:18]} 2. e4 {[%clk 0:14:54]} a6
{[%clk 0:15:05]} 3. Nd2 {[%clk 0:14:17]} Bb7 {[%clk 0:15:13]} 4. Bd3
{[%clk 0:14:16]} e6 {[%clk 0:15:19]} 5. Ngf3 {[%clk 0:13:59]} c5 {[%clk 0:15:24]}
6. c3 {[%clk 0:14:06]} d6 {[%clk 0:15:15]} 7. O-O {[%clk 0:14:10]} Nd7
{[%clk 0:15:12]} 8. b4 {[%clk 0:13:15]} Ngf6 {[%clk 0:14:06]} 9. Bb2
{[%clk 0:11:41]} c4 {[%clk 0:13:34]} 10. Bc2 {[%clk 0:11:43]} e5 {[%clk 0:13:23]}
11. d5 {[%clk 0:11:04]} g6 {[%clk 0:13:19]} 12. a4 {[%clk 0:10:54]} Bh6
{[%clk 0:12:58]} 13. Re1 {[%clk 0:10:35]} O-O {[%clk 0:12:56]} 14. Nf1
{[%clk 0:10:33]} Nh5 {[%clk 0:12:41]} 15. Bc1 {[%clk 0:10:09]} Bxc1
{[%clk 0:12:14]} 16. Qxc1 {[%clk 0:10:17]} Ng7 {[%clk 0:12:00]} 17. Qh6
{[%clk 0:08:49]} f6 {[%clk 0:12:08]} 18. Ng3 {[%clk 0:08:11]} Rf7
{[%clk 0:10:59]} 19. h4 {[%clk 0:07:37]} Nf8 {[%clk 0:10:59]} 20. a5
{[%clk 0:05:28]} Bc8 {[%clk 0:10:26]} 21. Nh2 {[%clk 0:05:15]} f5
{[%clk 0:09:54]} 22. Nf3 {[%clk 0:04:55]} f4 {[%clk 0:08:26]} 23. Nf1
{[%clk 0:04:18]} Nh5 {[%clk 0:08:20]} 24. Ng5 {[%clk 0:04:17]} Rg7
{[%clk 0:08:18]} 25. Bd1 {[%clk 0:04:19]} Nf6 {[%clk 0:08:26]} 26. Nh2
{[%clk 0:04:15]} Kh8 {[%clk 0:07:47]} 27. Ngf3 {[%clk 0:02:43]} Ng8
{[%clk 0:07:32]} 28. Qg5 {[%clk 0:02:52]} Qe8 {[%clk 0:07:34]} 29. Ng4
{[%clk 0:02:45]} h6 {[%clk 0:06:02]} 30. Nxh6 {[%clk 0:02:51]} Nh7
{[%clk 0:06:11]} 31. Nf7+ {[%clk 0:02:03]} Qxf7 {[%clk 0:06:10]} 32. Qd8
{[%clk 0:02:12]} Qd7 {[%clk 0:06:04]} 33. Qb6 {[%clk 0:02:07]} g5
{[%clk 0:04:56]} 34. Nh2 {[%clk 0:01:37]} gxh4 {[%clk 0:04:52]} 35. Bg4
{[%clk 0:01:46]} Rxg4 {[%clk 0:04:54]} 36. Nxg4 {[%clk 0:01:56]} Qxg4
{[%clk 0:05:03]} 37. Qxd6 {[%clk 0:01:54]} h3 {[%clk 0:04:37]} 38. Qxe5+
{[%clk 0:02:03]} Nhf6 {[%clk 0:04:34]} 39. g3 {[%clk 0:02:05]} Qf3
{[%clk 0:04:34]} 40. Kf1 {[%clk 0:02:01]} h2 {[%clk 0:04:41]} 0-1

[Event "C16"]
[Site "?"]
[Date "2015.08.07"]
[Round "7.4"]
[White "Walter, Szymon"]
[Black "Nowak, Kamil"]
[Result "1-0"]
[LiveChessVersion "1.4.6"]
[BlackElo "1805"]
[WhiteElo "2040"]

1. e4 {[%clk 0:15:17]} c5 {[%clk 0:15:19]} 2. Nf3 {[%clk 0:15:22]} d6
{[%clk 0:15:28]} 3. d4 {[%clk 0:15:15]} cxd4 {[%clk 0:15:37]} 4. Nxd4
{[%clk 0:15:23]} Nf6 {[%clk 0:15:45]} 5. Nc3 {[%clk 0:15:29]} a6 {[%clk 0:15:54]}
6. Be3 {[%clk 0:15:23]} e5 {[%clk 0:16:02]} 7. Nb3 {[%clk 0:15:39]} Be6
{[%clk 0:16:10]} 8. h3 {[%clk 0:15:35]} Be7 {[%clk 0:16:13]} 9. f4
{[%clk 0:15:03]} exf4 {[%clk 0:16:17]} 10. Bxf4 {[%clk 0:15:12]} Nc6
{[%clk 0:16:26]} 11. Qe2 {[%clk 0:15:13]} O-O {[%clk 0:16:33]} 12. O-O-O
{[%clk 0:15:19]} Qc7 {[%clk 0:15:33]} 13. g4 {[%clk 0:15:16]} Ne8
{[%clk 0:14:32]} 14. Bg2 {[%clk 0:14:55]} Bf6 {[%clk 0:13:45]} 15. Nd5
{[%clk 0:14:08]} Bxd5 {[%clk 0:12:29]} 16. exd5 {[%clk 0:14:16]} Nb4
{[%clk 0:11:31]} 17. Kb1 {[%clk 0:13:25]} a5 {[%clk 0:11:06]} 18. c3
{[%clk 0:13:01]} Na6 {[%clk 0:10:21]} 19. g5 {[%clk 0:10:49]} Be5
{[%clk 0:10:01]} 20. Bxe5 {[%clk 0:09:32]} dxe5 {[%clk 0:10:10]} 21. Rhe1
{[%clk 0:09:35]} a4 {[%clk 0:09:37]} 22. Nd2 {[%clk 0:09:15]} Nd6
{[%clk 0:08:53]} 23. Qxe5 {[%clk 0:09:12]} a3 {[%clk 0:08:41]} 24. b3
{[%clk 0:06:30]} Rae8 {[%clk 0:08:45]} 25. Qg3 {[%clk 0:06:27]} b5
{[%clk 0:07:17]} 26. Ne4 {[%clk 0:05:25]} Nxe4 {[%clk 0:06:24]} 27. Qxc7
{[%clk 0:05:30]} Nd2+ {[%clk 0:06:23]} 28. Kc2 {[%clk 0:05:32]} Nxc7
{[%clk 0:05:38]} 29. Kxd2 {[%clk 0:05:27]} Rxe1 {[%clk 0:05:18]} 30. Rxe1
{[%clk 0:05:36]} Rd8 {[%clk 0:05:21]} 31. c4 {[%clk 0:05:33]} bxc4
{[%clk 0:05:20]} 32. bxc4 {[%clk 0:05:41]} Ne6 {[%clk 0:05:08]} 33. Kc3
{[%clk 0:05:34]} Nf4 {[%clk 0:04:53]} 34. Bf1 {[%clk 0:05:25]} g6
{[%clk 0:04:27]} 35. Re4 {[%clk 0:05:16]} Nh5 {[%clk 0:04:33]} 36. Bd3
{[%clk 0:05:04]} f6 {[%clk 0:04:13]} 37. gxf6 {[%clk 0:04:59]} Nxf6
{[%clk 0:04:21]} 38. Re6 {[%clk 0:04:44]} Kg7 {[%clk 0:04:25]} 39. Kd4
{[%clk 0:04:40]} g5 {[%clk 0:04:21]} 40. Re7+ {[%clk 0:04:36]} Kf8
{[%clk 0:04:19]} 41. Ra7 {[%clk 0:04:34]} h5 {[%clk 0:04:24]} 42. Bf5
{[%clk 0:04:29]} g4 {[%clk 0:03:57]} 43. hxg4 {[%clk 0:03:52]} hxg4
{[%clk 0:04:06]} 44. Ke5 {[%clk 0:03:51]} Ng8 {[%clk 0:02:08]} 45. Bxg4
{[%clk 0:03:49]} Ne7 {[%clk 0:02:14]} 46. Be6 {[%clk 0:03:48]} Ng6+
{[%clk 0:01:44]} 47. Kf6 {[%clk 0:03:50]} Nf4 {[%clk 0:01:36]} 48. Rh7
{[%clk 0:03:47]} 1-0

[Event "C16"]
[Site "?"]
[Date "2015.08.07"]
[Round "7.5"]
[White "Oleszek, Maciej"]
[Black "Karpus, Michal"]
[Result "0-1"]
[LiveChessVersion "1.4.6"]
[BlackElo "1971"]
[WhiteElo "1741"]

1. d4 {[%clk 0:15:17]} Nf6 {[%clk 0:15:18]} 2. Nc3 {[%clk 0:15:26]} d5
{[%clk 0:15:27]} 3. Bg5 {[%clk 0:15:35]} h6 {[%clk 0:15:28]} 4. Bh4
{[%clk 0:15:44]} Bf5 {[%clk 0:14:21]} 5. Qd2 {[%clk 0:15:15]} e6 {[%clk 0:11:47]}
6. O-O-O {[%clk 0:15:07]} Be7 {[%clk 0:11:47]} 7. f3 {[%clk 0:15:05]} Nbd7
{[%clk 0:11:25]} 8. g4 {[%clk 0:14:45]} Bh7 {[%clk 0:10:55]} 9. Kb1
{[%clk 0:14:47]} c5 {[%clk 0:09:10]} 10. e3 {[%clk 0:14:51]} a6 {[%clk 0:08:55]}
11. Bd3 {[%clk 0:14:16]} Bxd3 {[%clk 0:07:55]} 12. Qxd3 {[%clk 0:14:23]} b5
{[%clk 0:07:55]} 13. e4 {[%clk 0:12:22]} cxd4 {[%clk 0:06:49]} 14. Qxd4
{[%clk 0:12:30]} e5 {[%clk 0:06:57]} 15. Qd3 {[%clk 0:11:34]} d4 {[%clk 0:07:03]}
16. Nce2 {[%clk 0:11:35]} Nc5 {[%clk 0:07:03]} 17. Qd2 {[%clk 0:11:01]} Nfxe4
{[%clk 0:07:05]} 18. fxe4 {[%clk 0:10:56]} Bxh4 {[%clk 0:07:13]} 19. Ng3
{[%clk 0:10:08]} Bg5 {[%clk 0:04:17]} 20. Qe2 {[%clk 0:09:46]} O-O
{[%clk 0:03:37]} 21. Nf3 {[%clk 0:09:50]} Re8 {[%clk 0:03:41]} 22. h4
{[%clk 0:09:25]} Bf4 {[%clk 0:03:24]} 23. Nh5 {[%clk 0:08:48]} Be3
{[%clk 0:03:33]} 24. Ng3 {[%clk 0:07:15]} Rc8 {[%clk 0:01:59]} 25. g5
{[%clk 0:05:43]} h5 {[%clk 0:01:31]} 26. Nxh5 {[%clk 0:01:24]} Nxe4
{[%clk 0:01:39]} 27. Rhf1 {[%clk 0:01:09]} Qe7 {[%clk 0:01:02]} 28. Nxe5
{[%clk 0:00:24]} Qxe5 {[%clk 0:00:47]} 29. Nf6+ {[%clk 0:00:32]} Nxf6
{[%clk 0:00:33]} 30. gxf6 {[%clk 0:00:40]} g6 {[%clk 0:00:41]} 31. h5
{[%clk 0:00:38]} g5 {[%clk 0:00:37]} 32. Qd3 {[%clk 0:00:24]} Qe4
{[%clk 0:00:45]} 0-1

[Event "C16"]
[Site "?"]
[Date "2015.08.07"]
[Round "8.1"]
[White "Janik, Igor"]
[Black "Walter, Szymon"]
[Result "1-0"]
[LiveChessVersion "1.4.6"]
[BlackElo "2040"]
[WhiteElo "2124"]

1. e4 {[%clk 0:15:19]} c5 {[%clk 0:15:16]} 2. Nf3 {[%clk 0:15:27]} d6
{[%clk 0:15:22]} 3. d4 {[%clk 0:15:34]} cxd4 {[%clk 0:15:28]} 4. Nxd4
{[%clk 0:15:41]} Nf6 {[%clk 0:15:34]} 5. Nc3 {[%clk 0:15:49]} g6 {[%clk 0:15:39]}
6. Be3 {[%clk 0:15:57]} Bg7 {[%clk 0:15:42]} 7. f3 {[%clk 0:16:04]} O-O
{[%clk 0:15:45]} 8. Qd2 {[%clk 0:16:12]} Nc6 {[%clk 0:15:47]} 9. Bc4
{[%clk 0:16:18]} Bd7 {[%clk 0:15:51]} 10. O-O-O {[%clk 0:16:24]} Rc8
{[%clk 0:15:53]} 11. Bb3 {[%clk 0:16:31]} Nxd4 {[%clk 0:15:56]} 12. Bxd4
{[%clk 0:16:39]} b5 {[%clk 0:16:03]} 13. Nd5 {[%clk 0:16:23]} Nxd5
{[%clk 0:16:09]} 14. exd5 {[%clk 0:16:26]} a5 {[%clk 0:16:09]} 15. Bxg7
{[%clk 0:16:21]} Kxg7 {[%clk 0:16:16]} 16. a3 {[%clk 0:16:29]} b4
{[%clk 0:16:19]} 17. axb4 {[%clk 0:16:38]} axb4 {[%clk 0:16:26]} 18. Qd4+
{[%clk 0:16:42]} Kg8 {[%clk 0:16:33]} 19. h4 {[%clk 0:16:09]} Qa5
{[%clk 0:16:23]} 20. Kd2 {[%clk 0:16:08]} Bf5 {[%clk 0:15:35]} 21. h5
{[%clk 0:15:00]} Rc5 {[%clk 0:14:57]} 22. hxg6 {[%clk 0:14:29]} Bxg6
{[%clk 0:15:03]} 23. Ke3 {[%clk 0:14:20]} Rfc8 {[%clk 0:14:52]} 24. Kf2
{[%clk 0:13:11]} Qd8 {[%clk 0:10:49]} 25. Rh4 {[%clk 0:11:57]} Qf8
{[%clk 0:07:24]} 26. Qxb4 {[%clk 0:10:39]} Qg7 {[%clk 0:05:44]} 27. c3
{[%clk 0:10:01]} Qf8 {[%clk 0:01:46]} 28. Rdd4 {[%clk 0:09:23]} Rb8
{[%clk 0:01:44]} 29. Qa3 {[%clk 0:09:30]} Qd8 {[%clk 0:00:51]} 30. Kg3
{[%clk 0:07:35]} Qf8 {[%clk 0:00:41]} 31. Rb4 {[%clk 0:06:46]} Ra8
{[%clk 0:00:46]} 32. Ra4 {[%clk 0:06:53]} Rac8 {[%clk 0:00:39]} 33. Qa1
{[%clk 0:06:34]} Qg7 {[%clk 0:00:39]} 34. Qc1 {[%clk 0:06:11]} Qe5+
{[%clk 0:00:35]} 35. Qf4 {[%clk 0:05:43]} Qe1+ {[%clk 0:00:41]} 36. Kh2
{[%clk 0:05:51]} Rb8 {[%clk 0:00:27]} 37. Rb4 {[%clk 0:05:37]} Ra8
{[%clk 0:00:26]} 38. Qg3 {[%clk 0:05:15]} Qc1 {[%clk 0:00:22]} 39. Qf2
{[%clk 0:04:50]} Ra1 {[%clk 0:00:24]} 40. Rb8+ {[%clk 0:03:54]} Kg7
{[%clk 0:00:33]} 41. Rb7 {[%clk 0:03:58]} Qg5 {[%clk 0:00:12]} 42. Qd4+
{[%clk 0:03:48]} Qf6 {[%clk 0:00:18]} 43. Qxf6+ {[%clk 0:03:39]} Kxf6
{[%clk 0:00:24]} 44. Rf4+ {[%clk 0:03:42]} Kg5 {[%clk 0:00:21]} 45. Rd4
{[%clk 0:03:39]} Rb1 {[%clk 0:00:16]} 46. Bc4 {[%clk 0:03:25]} Ra5
{[%clk 0:00:13]} 47. Bd3 {[%clk 0:02:58]} Bxd3 {[%clk 0:00:12]} 48. Rxd3
{[%clk 0:03:07]} Kf6 {[%clk 0:00:17]} 49. Rd4 {[%clk 0:03:08]} Ra2
{[%clk 0:00:19]} 50. Rf4+ {[%clk 0:02:55]} Kg6 {[%clk 0:00:18]} 51. Rxe7
{[%clk 0:02:16]} Rbxb2 {[%clk 0:00:26]} 52. Rg4+ {[%clk 0:02:24]} Kf6
{[%clk 0:00:34]} 53. Ree4 {[%clk 0:02:26]} h5 {[%clk 0:00:19]} 54. Rg8
{[%clk 0:02:14]} Rc2 {[%clk 0:00:18]} 55. c4 {[%clk 0:02:13]} Ra4
{[%clk 0:00:19]} 56. Rf4+ {[%clk 0:02:18]} Ke5 {[%clk 0:00:17]} 57. Rxf7
{[%clk 0:02:22]} Rcxc4 {[%clk 0:00:12]} 58. Rg5+ {[%clk 0:02:29]} Kd4
{[%clk 0:00:21]} 59. Rxh5 {[%clk 0:02:12]} Ke3 {[%clk 0:00:26]} 60. Kg3
{[%clk 0:02:17]} Ra1 {[%clk 0:00:11]} 61. Re7+ {[%clk 0:02:18]} Kd4
{[%clk 0:00:13]} 62. Re4+ {[%clk 0:02:19]} Kxd5 1-0

[Event "C16"]
[Site "?"]
[Date "2015.08.07"]
[Round "8.2"]
[White "Karpus, Michal"]
[Black "Koziol, Kamil"]
[Result "1/2-1/2"]
[LiveChessVersion "1.4.6"]
[BlackElo "1962"]
[WhiteElo "1971"]

1. e4 {[%clk 0:15:17]} c5 {[%clk 0:15:09]} 2. Nf3 {[%clk 0:15:25]} e6
{[%clk 0:15:18]} 3. d4 {[%clk 0:15:33]} cxd4 {[%clk 0:15:26]} 4. Nxd4
{[%clk 0:15:40]} Nc6 {[%clk 0:15:24]} 5. Nc3 {[%clk 0:15:44]} Qc7
{[%clk 0:15:32]} 6. Be3 {[%clk 0:15:36]} Nf6 {[%clk 0:15:17]} 7. Bd3
{[%clk 0:15:34]} a6 {[%clk 0:15:26]} 8. O-O {[%clk 0:15:30]} Nxd4
{[%clk 0:15:18]} 9. Bxd4 {[%clk 0:15:38]} Bc5 {[%clk 0:15:12]} 10. Bxc5
{[%clk 0:15:36]} Qxc5 {[%clk 0:15:21]} 11. Kh1 {[%clk 0:15:28]} b5
{[%clk 0:14:56]} 12. Qe1 {[%clk 0:15:10]} d6 {[%clk 0:14:51]} 13. f3
{[%clk 0:15:11]} O-O {[%clk 0:13:11]} 14. a4 {[%clk 0:15:06]} b4 {[%clk 0:12:08]}
15. Na2 {[%clk 0:15:12]} Rb8 {[%clk 0:12:07]} 16. c3 {[%clk 0:14:37]} bxc3
{[%clk 0:11:33]} 17. bxc3 {[%clk 0:13:59]} a5 {[%clk 0:11:29]} 18. Qd2
{[%clk 0:12:43]} Bd7 {[%clk 0:11:20]} 19. Nc1 {[%clk 0:13:01]} Rfc8
{[%clk 0:11:16]} 20. Ne2 {[%clk 0:13:08]} e5 {[%clk 0:10:21]} 21. Rfd1
{[%clk 0:11:35]} Rb6 {[%clk 0:08:22]} 22. Bc2 {[%clk 0:09:37]} Be6
{[%clk 0:07:08]} 23. Rab1 {[%clk 0:09:36]} Rcb8 {[%clk 0:06:40]} 24. Rxb6
{[%clk 0:05:53]} Rxb6 {[%clk 0:06:47]} 1/2-1/2